000 00513nam a2200181Ia 4500
003 OSt
005 20240716100046.0
008 210210b1966 xxu||||| |||| 00| 0 eng d
040 _cAL
041 _akan
082 _a859/484
100 _aCHANDRASHEKHAR (C B) ಚಂದ್ರ ಶೇಖರ್ ಸಿ ಬಿ
_9149199
245 _aMuktikante:
_bಮುಕ್ತಿಕಾಂತೆ
260 _aBengaluru
_bShri Sayi Prakashana
_c1966
690 _aKannada Fiction
_9149200
906 _a021345
942 _2ddc
_cBK
999 _c145425
_d145425